MDQL
is popping MORE tags! Check the
thread
!
Quizzes
Events
Quiz Creation
Community
Videos
Private Events
Remove Ads
Sign In
Join for FREE
Feedback
Dark Mode
Quiz Categories
Sports
Geography
Music
Movies
Television
Just For Fun
Miscellaneous
History
Literature
Language
Science
Gaming
Entertainment
Religion
Holiday
For Kids
Quiz Lab
Recent
Popular Today
Quiz Kudos Today
Editor Picks
Curator Picks
Quizzes by...
Day
Popularity
Type
Ratings
Length
Year
Community
Subscriptions
Recent Discussions
Orange Saloon
Badges
Playlists
Quests
Create
Leaderboards
Showdown
Live 5
Trivia Bingo
Activity
Puzzle Library
Sporcle Events
Private Events
Virtual Trivia
Globe League
Become a Host
Pub Owners
SporcleCon
Opinionation
Our Games
Videos
Blog
Mobile Apps
Partnerships
Remove Ads and Go Orange
Feedback
Gaming
Video Games
Board Games
Card Games
Pokémon
Mario
Nintendo
Minecraft
Console
Toys
Legend of Zelda
Gaming
Video Games
Board Games
Card Games
Pokémon
Mario
Nintendo
Minecraft
Console
Toys
Legend of Zelda
Random Quiz
Search Sporcle
×
Quiz Lab
Quiz Lab
Gaming
Minecraft
Type in answers that appear in a list
Type in answers that appear in a list
Classic
Best Score? Go Orange.
Beasts of Minecraft! Stats
Can you name the Beasts of Minecraft!?
By
SuckishGamer
2m
14 Questions
510 Plays
510 Plays
510 Plays
Comments
Comments
Give Quiz Kudos
Give Quiz Kudos
-
- Ratings
hide this ad
More Info
Replay
Link that replays current quiz
Next Quiz
Link to next quiz in quiz playlist
You Got
0%
They Got
Avg Score
68%
Avg Friend Score
Upgrade to see
Score Distribution
Jump to the score distribution portion of the page
Score
0/14
Timer
02:00
0
Plays Today
Animal or Monster
% Correct
Zombie
90.2%
Cow
88.2%
Pig
87.8%
Creeper
83.9%
Skeleton
81.2%
Chicken
77.1%
Sheep
76.3%
Animal or Monster
% Correct
Spider
76.1%
Wolf
59.8%
Ghast
59.6%
Zombie Pigman
57.3%
Squid
47.3%
Slime
42.4%
Spider Jockey
31.6%
Quiz Playlist
Details
Report
Send in Message
Add To Playlist
More Info:
All the Animals and Monsters from the popular game Minecraft at minecraft.net!
Classic:
Type in answers that appear in a list
Quiz Source
Last Updated: Feb 16, 2017
Quiz Scoreboard
CHALLENGE
Sign Up to Join the Scoreboard
Show All
Scores
Hide
Comments
May contain spoilers
Recently Published
5x2 Blitz: Bands
by SL_Kpop136
Music
30s
Colored Red Africa Blitz
by spor1
Geography
30s
Find the 'City' Movie
by crazypaving
Movies
60s
More to Explore
Quiz From the Vault
Featured Blog Post
14 Easter Pick-up Lines to Find Eggs With
hide this ad
You Might Also Like...
Tags
Animal Quiz
Minecraft Quiz
Video Games Quiz
beast
Computer Games
Monster
Today's Top Quizzes in Gaming
Browse Gaming
hide this ad
Today's Top Quizzes in Minecraft
Browse Minecraft
Top Contributed Quizzes in Gaming
1
Dead By Daylight Logic Puzzle
2
Destiny 2 exotic weapons by perk icons
3
League of Legends Pro Players by Career/Team History
4
Genshin Impact Logic Puzzle Quiz II
5
Windmill: Elements
6
Minecraft Typing Challenge
7
Pokémon Spelling Bee
8
Genshin murder mystery
9
Legendary or Exotic?
10
Overwatch 2: Ultimate Ability Icons
Explore More
Trending Topics
Harry Potter
Marvel
Disney
Crossword
NBA
Anime
Kpop
Puzzle
NFL
Country
WWE
Pokémon
Soccer
Song
The Office
hide this ad
More By:
SuckishGamer
Quiz
Plays
Rating
Category
Featured
Created
Beasts of Minecraft!
510
3.33
Gaming
May 20, 2011
Top Twitter Accounts!
296
4.00
Entertainment
May 13, 2011
Minecraft Materials!
175
2.50
Gaming
May 20, 2011
Destroy Rebuild Until God Shows Songs
72
Music
May 19, 2011
Top 5 Runescape Gamers
50
Gaming
May 20, 2011
Go to Creator's Profile
Score Distribution
Quiz Creator Spotlight
SuckishGamer
Follow
Send a Message
Quizzes Created
-
Created Quiz Play Count
-
More By This Creator
Popular Quizzes Today
1
Find the 'City' Movie
2
Colored Red Africa Blitz
3
Find the US States - No Outlines Minefield
4
5x2 Blitz: Bands
5
The Countries of the World
6
Find the US States
7
US States
8
9x9 Crossword: Cartoon Network
More Gaming Quizzes
Split Decision: Pokémon
Published
Trending Quizzes
Colored Red Europe Blitz I
Colored Red Africa Blitz II
Colored Red Europe Blitz II
Colored Red Europe Blitz III
Colored Red Africa Blitz III
Recently Updated
Famous TV Couples
Peacemaker
Champions League XIs: Real Madrid
pecheneg
Largest US Cities 1790-2010
pecheneg
Rides in Walt Disney World
pecheneg
Most Oscar Losses (Acting)
pecheneg
Beyoncé Albums
pecheneg
Leaping Animals
pecheneg
Reality TV Shows (A-Z)
bhenderson79
Rickey Henderson's Hall of Fame Teammates
pecheneg
Champions League XIs: Arsenal
pecheneg
Trending Topics
Disney
NBA
Kpop
Marvel
Crossword
Harry Potter
Anime
Pokémon
The Office
Puzzle
Country
Song
Soccer
WWE
NFL
Your Account Isn't Verified!
In order to create a playlist on Sporcle, you need to verify the email address you used during registration. Go to your
Sporcle Settings
to finish the process.
Report this User
Report this user for behavior that violates our
Community Guidelines
.
Details:
Send Report
Go to the Sporcle.com Mobile Site →
Comments